Top 10 najbardziej nadanych imion żeńskich w 2024 - Statystyki

Ogólne statystyki
  • Ten quiz został rozwiązany 33 razy
  • Średni wynik to 5 z 10
Statystyki odpowiedzi
Miejsce Ile nadanych Imię % Poprawnych
2 2252 Zofia
79%
3 1974 Zuzanna
79%
6 1667 Julia
71%
1 2309 Maja
68%
10 1340 Maria
54%
4 1966 Hanna
39%
7 1623 Oliwia
39%
8 1592 Pola
39%
9 1585 Alicja
32%
5 1898 Laura
32%
Nie znaleziono quizów pasujących do podanych kryteriów
Rozkład punktacji
Procent ludzi z każdym wynikiem
Percentyl według liczby udzielonych odpowiedzi
Twoja historia wyników
Nie rozwiązałeś tego quizu